| 000 | 00290 a2200121 4500 | ||
|---|---|---|---|
| 001 | 73809 | ||
| 082 | _a428 UNI | ||
| 090 |
_c39006 _d39006 |
||
| 100 | _aPeshawar University | ||
| 245 |
_aEast and West _hEnglish |
||
| 260 |
_aPeshawar _bUniversity Press Peshawar _c2005 |
||
| 300 | _a239p | ||
| 942 |
_aCAE NUST _cTXT _k428 UNI |
||
| 999 |
_c308882 _d308882 |
||